Nederlands Elftal - 2006 - Statistics

General Stats
  • This quiz has been taken 128 times
  • The average score is 14 of 23
Answer Stats
Picture Answer % Correct
Edwin van der Sar
96%
Wesley Sneijder
94%
Robin van Persie
93%
Dirk Kuijt
92%
Arjen Robben
91%
Mark van Bommel
91%
Giovanni van Bronckhorst
90%
Rafael van der Vaart
85%
John Heitinga
78%
Philip Cocu
78%
Maarten Stekelenburg
72%
Ruud van Nistelrooij
70%
Ryan Babel
65%
Khalid Boulahrouz
55%
Hedwiges Maduro
53%
Joris Mathijsen
47%
André Ooijer
43%
Denny Landzaat
35%
Jan Vennegoor of Hesselink
29%
Henk Timmer
25%
Tim de Cler
20%
Kew Jaliens
10%
Jan Kromkamp
9%
No matching quizzes found
Score Distribution
Percent of People with Each Score
Percentile by Number Answered
Your Score History
You have not taken this quiz